Novoročný príhovor rektora EU

Uložené v:
Podrobná bibliografia
Hlavný autor: Kollár, Vojtech
Médium: Kapitola
Jazyk:Slovak
Tagy: Pridať tag
Žiadne tagy, Buďte prvý, kto otaguje tento záznam!

MARC

LEADER 00000naa a2200000 4500
001 0155404
005 20240502072730.9
041 0 |a slo 
044 |a SK 
245 1 0 |a Novoročný príhovor rektora EU  |c Vojtech Kollár 
100 1 |a Kollár, Vojtech